| 000 | 00609nam a2200181 4500 | ||
|---|---|---|---|
| 001 | 122337 | ||
| 003 | ES-MaACL | ||
| 005 | 20230906191946.0 | ||
| 007 | t| | ||
| 008 | 070214s1969 sp r ||||1| spa d | ||
| 100 | 1 |
_aPrieto Escudero, Germán. _993926 |
|
| 245 | 1 | 0 |
_aSociología del seguro de desempleo / _cGermán Prieto Escudero. |
| 260 |
_aMadrid : _bInstituto de Estudios Políticos, _c1969. |
||
| 300 |
_a10 h. ; _c24 cm. |
||
| 500 | _aEs tirada aparte de: Revista de Política Social, nº 84. | ||
| 710 | 2 |
_aInstituto de Estudios Políticos (Madrid) _94924 |
|
| 852 |
_aES-MaACL _j2072-F-7 _bR.72979 |
||
| 999 |
_c122337 _d122337 |
||